000 00958nam a22002297a 4500
005 20240814174533.0
008 s2544 th tha d
020 _a9747737957
040 _aNALT
041 _atha
100 0 _aวิชัย โถสุวรรณจินดา
245 1 0 _aแรงงานสัมพันธ์ : กุญแจแห่งความร่วมมือระหว่างนายจ้างและลูกจ้าง [4th]
260 3 _aกรุงเทพฯ :
_bนิติธรรม,
_c2544
300 _a308 หน้า ;
_b 26 ซม.
650 0 4 _aกฎหมายแรงงาน
650 0 4 _aแรงงานสัมพันธ์
650 0 4 _aแรงงานสัมพันธ์ -- วิวัฒนาการ
850 _aNALT
942 _cLB
_2lcc
999 _c18644
_d18644
998 _j25
_k นีลวัสน์ อินทรักษา
090 _aKM21 ว541ร 2544